Césars du meilleur film par année (click) - Statistiques

Statistiques générales
  • Ce quiz a été pris 542 fois
  • Le résultat moyen est 5 sur 16
Statistiques - réponses
Hint Explanation Réponse % Correct
2025 Emilia Pérez, de Jacques Audiard
88%
2024 Anatomie d'une chute, de Justine Triet
82%
2020 Les Misérables, de Ladj Ly
52%
2022 Illusions perdues, de Xavier Giannoli
47%
2023 La Nuit du 12, de Dominik Moll
47%
2012 The Artist, de Michel Hazanavicius
32%
2021 Adieu les cons, de Albert Dupontel
29%
2010 Un prophète, de Jacques Audiard
28%
2017 Elle, de Paul Verhoeven
21%
2018 120 battements par minute, de Robin Campillo
21%
2014 Les Garçons et Guillaume, à table !, de Guillaume Gallienne
20%
2013 Amour, de Michael Haneke
17%
2019 Jusqu'à la garde, de Xavier Legrand
14%
2011 Des hommes et des dieux, de Xavier Beauvois
13%
2015 Timbuktu, de Abderrahmane Sissako
12%
2016 Fatima, de Philippe Faucon
12%
Aucun quiz correspondant
Distribution des résultats
% des personnes avec chaque résultat
Percentile par nombre de réponses
Votre historique - résultats
Vous n’avez pas pris ce quiz